00630nam a22001577a 4500003000900000005001700009008004100026040001300067100002900080245007800109250001100187260002000198300001800218490005300236520018300289IT-RoPau20220918181105.0130510b xxu||||| |||| 00| 0 eng d cIT-RoPau aArchivio Storico Paolino aDocumentazione integrale paolinabAriccia 27 - 29 Dicembre 1969 (Appunti) a1° ed aRomabSSPc1969 a64 pp.c23 cm aDocumentazione paolinav1 - Formazione integrale aSommario Presentazione Perché questo convegno Presentazione del Documento Capitolare Gruppi di studio Presentazione dei temi Conclusioni generali Risposte all' inchiesta lampo